1536 1616 1367 1030 1439 1491 1661 1664 1637 1873 1540 1371 1993 1020 1797 1407 1126 1012 1376 1672 1091 1398 1871 1799 1569 1739 1162 1062 1416 1151 1650 1545 1582 1269 1601 1774 1104 1445 1233 1483 1916 1910 1332 1232 1054 1962 1943 1480 1064 1482 1692 1358 1426 1772 1047 1461 1476 1040 1343 1558 1657 1101 1026 1123 1331 1757 1860 1819 1919 1946 1845 1928 1778 1130 1240 1518 1206 1496 1200 1323 1224 1554 1194 1370 1963 1077 1723 1128 1974 1622 1946 1111 1759 1385 1227 1491 1789 1536 1416 BCNSPRNW ULIB Ver.6.0+V

เปลี่ยนเป็นภาษาไทย

Change to English
 แสดงรายละเอียดบรรณานุกรม
  กลับหน้าหลัก

Brief Record : Get Marc (ISO 2709) : E-mail record : QR code < ปิดหน้าต่าง
LEADER : 00000nam 2200000uu 4500
001    13399111589
003     ULIB
008    110703s||||||||th 000 0 tha d
020    974941201X
050  4 BQ4570^bพ418ช 2549
100 0  พระชาญชัย อธิปญโญ
245 10 ชีวิตคือละคร /^cพระอาจารย์ชาญชัย อธิปญฺโญ
250    พิมพ์ครั้งที่ 1
260    กรุงเทพฯ :^bออฟเซ็ท เพรส,^c2549
300    113 หน้า ;^c21 ซม.
650  7 การดำเนินชีวิต
650  7 ธรรมะ
650  7 ธรรมะกับชีวิตประจำวัน
945    ^p0^l0^i019549
995    ทศพร
999 ^a ใช้งานได้ทุกระบบ
รายการนี้ยังไม่มีแท็ก
คุณยังไม่ได้ล็อกอิน คุณสามารถมีกิจกรรมร่วมกับเว็บไซต์ได้ แต่ต้องล็อกอินก่อน ::
  ล็อกอิน

รายการสื่อสารสนเทศ

ลำดับที่ ประเภท เลขเรียก/บาร์โค้ด สถานที่ สถานะ
- ไม่พบข้อมูล -

รายการใกล้เคียง
    ผู้แต่ง [พระชาญชัย อธิปญโญ]

    หัวเรื่อง [การดำเนินชีวิต]
    หัวเรื่อง [ธรรมะ]
    หัวเรื่อง [ธรรมะกับชีวิตประจำวัน]

BibComment


ยังไม่เคยถูกคอมเมนท์

คอมเมนท์ทรัพยากรรายการนี้
  คอมเมนท์: ชีวิตคือละคร พระ..


 Copyright 2026. Bcnsprnw @Library